Culture Générale - Série 337 - Statistiques

Statistiques générales
  • Ce quiz a été pris 331 fois
  • Le résultat moyen est 8 sur 10
Statistiques - réponses
Question Réponse % Correct
De quelle couleur étaient les fameux bus à impériale londoniens ? Rouge
100%
Quel pôle magnétique cherche-t-on à repérer avec une boussole ? Le nord
97%
Dans quel sport le Français Sébastien Chabal s'illustre-t-il ? Le rugby
96%
Quel animal est "au poing" dans le titre d'un roman d'Hervé Bazin ? Une vipère
85%
De quel département la ville de Montpellier est-elle le chef-lieu ? L'Hérault
81%
De quel pays Riyad est-elle la capitale ? L'Arabie saoudite
79%
Dans quel art Sergueï Rachmaninov s'est-il illustré ? La musique
76%
Comment qualifie-t-on l'eau d'une piscine dont le pH est inférieur à 7 ? Acide
68%
Quelle célèbre route sert de décor au roman de Jack Kerouac "Sur la route" ? La route 66
63%
En début de partie, combien y a-t-il de pions sur un damier ? 40
58%
Aucun quiz correspondant
Distribution des résultats
% des personnes avec chaque résultat
Percentile par nombre de réponses
Votre historique - résultats
Vous n’avez pas pris ce quiz